000 00720nam a22002297a 4500
003 UA-OsUOA
001 48456
007 ta
008 20130527b un ||||| |||| 00| 0 ukr d
090 _a082
_bА38
942 _cBK
040 _aUA-OsUOA
_bukr
_cUA-OsUOA
_dUA-OsUOA
245 _aАкадемія пам'яті професора Володимира Антоновича 16-18 березня 1993 р. м. Київ
300 _a269 с.
955 _a1
041 _aukr
080 _a082
260 _aК.
_c1994
650 7 _a08 Видання. Колективні праці
_2UDC
999 _c428558
_d428558